[Event "Titled Tuesday intern op 23rd Jul Late"]
[Site "Chess.com INT"]
[Date "2024.07.23"]
[Round "3"]
[White "Akhilbay, Imangali"]
[Black "Weihrauch, Jakob"]
[Result "1-0"]
[WhiteElo "2255"]
[BlackElo "2297"]
[PlyCount "109"]
[EventDate "2024.07.23"]
[EventType "swiss (blitz)"]
[EventRounds "11"]
[EventCountry "USA"]
[SourceTitle "EXT 2025"]
[Source "ChessBase"]
[SourceDate "2024.10.14"]
[SourceVersion "1"]
[SourceVersionDate "2024.10.14"]
[SourceQuality "1"]

1. d4 Nf6 2. Nc3 d5 3. Bf4 c5 4. e4 dxe4 5. dxc5 Qa5 6. Qd2 Nc6 7. 0-0-0 e5 8. Bg5 Bxc5 9. Bxf6 gxf6 10. Nxe4 Qxd2+ 11. Rxd2 Be7 12. Bb5 Bf5 13. Nc3 a6 14. Nd5 Bd8 15. Bxc6+ bxc6 16. Ne3 Be6 17. Nf3 Bb6 18. Re1 Rg8 19. g3 Rd8 20. Red1 Ke7 21. Rxd8 Rxd8 22. Rxd8 Bxd8 23. Nd2 Bb6 24. Kd1 f5 25. Ke2 Kf6 26. Nec4 Bc5 27. c3 Ba7 28. a4 h5 29. h4 e4 30. a5 Bd5 31. b4 Bb8 32. Ne3 f4 33. gxf4 Bxf4 34. c4 Be6 35. Nxe4+ Ke5 36. Nd2 Kd4 37. b5 cxb5 38. cxb5 axb5 39. a6 Bxe3 40. fxe3+ Kc5 41. a7 Bd5 42. Nb3+ Kb6 43. Nd4 b4 44. Kd3 Kxa7 45. e4 Bb7 46. Nf5 b3 47. Ng3 b2 48. Kc2 Kb6 49. Kxb2 Kc5 50. Kc3 Kd6 51. Kd4 Ke6 52. Nxh5 f5 53. Nf4+ Kf6 54. e5+ Kg7 55. Kc5 1-0

[Event "Titled Tuesday intern op 23rd Jul Late"]
[Site "Chess.com INT"]
[Date "2024.07.23"]
[Round "4"]
[White "Weihrauch, Jakob"]
[Black "Bonfim, Regina Rodrigues"]
[Result "1-0"]
[WhiteElo "2297"]
[BlackElo "1793"]
[PlyCount "61"]
[EventDate "2024.07.23"]
[EventType "swiss (blitz)"]
[EventRounds "11"]
[EventCountry "USA"]
[SourceTitle "EXT 2025"]
[Source "ChessBase"]
[SourceDate "2024.10.14"]
[SourceVersion "1"]
[SourceVersionDate "2024.10.14"]
[SourceQuality "1"]

1. d4 Nf6 2. c4 g6 3. Nc3 Bg7 4. e4 d6 5. Nf3 0-0 6. h3 Nbd7 7. g4 c6 8. Be3 Qc7 9. Qd2 Re8 10. Bh6 Bh8 11. h4 e5 12. d5 cxd5 13. Nxd5 Nxd5 14. cxd5 Nf6 15. Ng5 Bxg4 16. Be2 Qd7 17. f3 Bh5 18. a4 a6 19. Kf2 Rec8 20. Rhc1 Qd8 21. Qb4 Qd7 22. Bf1 Qe7 23. Bh3 Rxc1 24. Rxc1 Ne8 25. Rc8 Rxc8 26. Bxc8 Qf6 27. Qxb7 Qf4 28. Qe7 Qd2+ 29. Kg3 Qf4+ 30. Kh3 Ng7 31. Qd8+ 1-0